000 00704nam a2200217Ia 4500
003 GCL
008 140319s9999 xx 000 0 ara d
040 _aGCL /
_cGCL
082 0 4 _a301.35
_bع ف
100 1 _aعبدالباسط عبدالمعطى
245 1 0 _aفى التنمية البديلة 000 دراسات وقضايا /
_cعبدالباسط عبدالمعطى
260 _a[S.N] :
_bدار المعرفة الجامعية ،
_c1990
300 _a509 ص
490 _a
650 0 4 _aالعلم
650 0 4 _aالتنمية الاجتماعية
650 0 4 _aالاجتماع
650 0 4 _aالتنمية الريفية
650 0 4 _aالتنمية الزراعية
942 _2ddc
_cBK
999 _c32636
_d32636